| 000 | 01494cam a2200409 4500 | ||
|---|---|---|---|
| 001 | 4076306 | ||
| 003 | OSt | ||
| 005 | 20140310184242.0 | ||
| 008 | 711101s1971 nyua j b 000 0ceng | ||
| 010 | _a 71162713 | ||
| 020 | _a0590469347 | ||
| 040 |
_aDLC _cDLC _dDLC |
||
| 042 | _alcac | ||
| 043 | _an-us--- | ||
| 050 | 0 | 0 |
_aE 450 _b.F8 1971 |
| 100 | 1 |
_aFreedman, Florence B. _q(Florence Bernstein) _928092 |
|
| 245 | 1 | 0 |
_aTwo tickets to freedom; _bthe true story of Ellen and William Craft, fugitive slaves _c[by] Florence B. Freedman. Illustrated by Ezra Jack Keats. |
| 260 |
_aNew York, _bScholastic _c[1971] |
||
| 300 |
_a96 p. : _bill. ; _c22 cm. |
||
| 350 | _a$4.50 | ||
| 521 | _aG9 | ||
| 526 | _c1080 | ||
| 600 | 1 | 0 |
_aCraft, William _vJuvenile literature. _928093 |
| 600 | 1 | 0 |
_aCraft, Ellen _vJuvenile literature. _928094 |
| 600 | 1 | 1 |
_aCraft, William. _928095 |
| 600 | 1 | 1 |
_aCraft, Ellen. _928096 |
| 650 | 0 |
_aFugitive slaves _zUnited States _vBiography _vJuvenile literature. _928097 |
|
| 650 | 0 |
_aFugitive slaves _zEngland _vBiography _vJuvenile literature. _928098 |
|
| 650 | 0 |
_aAfrican Americans _vBiography _vJuvenile literature. _928099 |
|
| 650 | 0 |
_aSlavery _zUnited States _xHistory _y19th century _vJuvenile literature. _928100 |
|
| 650 | 1 |
_aAfrican Americans _vBiography. _928101 |
|
| 650 | 1 |
_aFugitive slaves. _925212 |
|
| 700 | 1 |
_aKeats, Ezra Jack, _eillus. _928102 |
|
| 906 |
_a7 _bcbc _corignew _d2 _encip _f19 _gy-gencatlg |
||
| 942 |
_2lcc _cBK-SCHOLAS |
||
| 999 |
_c33285 _d33285 |
||